000 00317nam a22001337a 4500
008 170606b xxu||||| |||| 00| 0 eng d
020 _a9780761929277
041 _aeng
080 _a94
100 _a18
101 _aSHH
245 _aENCYCLOPEDIA OF UNITED STATES NATIONAL SECURITY
_cSAMUELS.R.J
942 _2udc
_cBK
999 _c16155
_d16155